LEADER 01809nam a2200373 a 4500 001 000000104690 003 CaOOAMICUS 005 20070503123519.0 008 070424s2006 it a z000 ubita d 040 $aPUL$bita$dLDB 245 00$aAgostino /$c[a cura di Armando Massarenti]. 246 33$aAgostino di Ippona : vita, pensiero, opere scelte 260 $aMilano :$bIl Sole 24 ore,$c2006. 300 $a617 p. :$bill. ;$c22 cm 490 1 $aI grandi filosofi ;$v4 500 $aSulla copertina: Agostino di Ippona : vita, pensiero, opere scelte. 500 $aComprende testi di: Paola Pettinotti. 504 $aInclude riferimenti bibliografici. 600 04$aAugustinus,$cs., vesc. d'Ippona,$d354-430.$0(OLS)http://pul/subject/758 700 1 $aPettinotti, Paola.$0(OLS)http://pul/name/64297 700 1 $aMassarenti, Armando,$eed.$0(OLS)http://pul/name/64044 700 0 $aAugustinus,$cs., vesc. d'Ippona,$d354-430.$tConfessiones.$0(OLS)http://pul/nameTitle/253$0(OLS)http://pul/name/1290$0(OLS)http://pul/title/1903 740 32$aLe confessioni. 830 2$aI grandi filosofi (Il Sole 24 ore) ;$v4.$0(OLS)http://pul/title/131213 850 $aPUL 852 $aPUL$W1$xSL Filosofia 3$y81$m103 COLL 1.4$j117251$qDDC 21$B117211$CPULBib$Z2$F117211 $H103181 $82 900 $aAgostino,$cs., vesc. d'Ippona,$d354-430$91290 900 $aAgostino, Aurelio,$cs., vesc. d'Ippona$d354-430$91290 941 1 $a9 960 $aAgostino,$cs., vesc. d'Ippona,$d354-430$9758 996 $6740$aLe confessioni$9(OLS)http://pul/title/131677 996 $6245$aAgostino$9(OLS)http://pul/title/131674 996 $6246$aAgostino di Ippona : vita, pensiero, opere scelte$9(OLS)http://pul/title/131675 996 $6260$aMilano :$bIl Sole 24 ore$9(OLS)http://pul/publisher/69212 LEADER 01471nam a2200337 u 4500 001 000000055787 003 CaOOAMICUS 005 20150218113630.0 008 010315s1984 sp u000 u spa u 020 $a8431308303 035 $a10869411 040 $aPUL(R)$bita 100 1 $aArtigas, Mariano,$d1938-2006.$0(OLS)http://pul/name/39195 245 10$aFilosofia de la naturaleza /$cMariano Artigas, Juan Jose Sanguineti. 260 $aPamplona :$bEdiciones Universidad de Navarra,$c1984. 300 $a226 p.$c21 cm 490 1 $aLibros de iniciación filosófica ;$v6 504 $aBibliografía: p. 219-226. 650 4$aFilosofia naturale.$0(OLS)http://pul/subject/22606 700 1 $aSanguineti, Juan José.$0(OLS)http://pul/name/38659 830 0$aLibros de iniciación filosófica ;$v6.$0(OLS)http://pul/title/72649 850 $aPUL 852 $aPUL$W1$xSL Filosofia 1$y2$m96 D 83$j73308$nBK-PRI$b $qStampati$B73308$CPULBib$Z2$F73308 $H $81 852 $aPUL$W1$xDP1 Fondo Capitani$y116$m10 A 31$j163707$qFondi$B163741$CPULBib$Z2$F163741 $HCap2369 $82 941 1 $a8 941 1 $a1 961 $aINV: 52678 961 $aNota ms. di possesso : Capitani 996 $6020$a8431308303$9(OLS)http://pul/number/70177 996 $6245$aFilosofia de la naturaleza$9(OLS)http://pul/title/74665 996 $6260$aPamplona :$bEdiciones Universidad de Navarra$9(OLS)http://pul/publisher/48150 LEADER 01205nam a2200289 u 4500 001 000000077786 003 CaOOAMICUS 005 20070226123346.0 008 040302s1998 fr u000 u fre u 020 $a2711609162 035 $a10985808 040 $aPUL$bita 100 1 $aRicoeur, Paul,$d1913-2005.$0(OLS)http://pul/name/31003 245 10$aA l'école de la phénoménologie /$cpar Paul Ricoeur. 260 $aParis :$bVrin,$c1998. 300 $a295 p. ;$c22 cm 490 1 $aBibliothèque d'histoire de la philosophie.$aNouvelle série 500 $aBibliografia in nota. 600 14$aHusserl, Edmund,$d1859-1938.$0(OLS)http://pul/subject/4949 650 4$aFenomenologia.$0(OLS)http://pul/subject/1230 830 0$aBibliothèque d'histoire de la philosophie.$pNouvelle série.$0(OLS)http://pul/title/78419 850 $aPUL 852 $aPUL$W1$xSL Filosofia 1$y2$m91 L 28$j99865$nBK-PRI$b $qStampati$B99865$CPULBib$Z2$F99865 $HPUL88830 $81 941 1 $a8 996 $6020$a2711609162$9(OLS)http://pul/number/102016 996 $6245$aA l'école de la phénoménologie$9(OLS)http://pul/title/101989 996 $6260$aParis :$bVrin$9(OLS)http://pul/publisher/50780